000 01089nam a2200289 4500
001 0000023034
003 CO-CtgCURN
005 20250329191024.0
007 ta
008 160627s2006 000 0 eng d
020 _a9588225906
040 _aCO-CtgCURN
_bspa
_ccoctgcurn
082 0 _a343.0999
_bR579m
100 1 _aRincon Cárdenas, Erick.
245 1 0 _aManual de derecho de comercio electronico y de internet /
_cErick Rincon Cárdenas.
260 _aBogotá :
_bEditorial Universidad del Rosario,
_c2006.
300 _a178p.
336 _2rdacontent
337 _2rdamedia
_asin mediacion
_bn
338 _2rdacarrier
_avolumen
_bnc
504 _aBibliografia (p. 402-413)
505 8 _aComercio electronico y regulacion.--El documento electronico.--El comercio electronico en el contexto.--El negocio electronico.--La contratacion electronica.--La propiedaden los entornos electronicos
650 1 4 _aComercio electronico.
908 _a160627
942 _cBK
_h343.0999
_iR579m
_2ddc
999 _c11424
_d11424